ドドチャンネル(中谷圭作)が発言したABC - Statistics

General Stats
  • This quiz has been taken 75 times
  • The average score is 20 of 21
Answer Stats
Answer % Correct
A
100%
B
100%
C
100%
D
100%
E
100%
F
100%
I
100%
J
97%
L
97%
L
97%
L
97%
P
97%
Q
97%
O
95%
R
95%
S
95%
S
95%
T
95%
U
95%
ジム
79%
ケム
79%
No matching quizzes found
Score Distribution
Percent of People with Each Score
Percentile by Number Answered
Your Score History
You have not taken this quiz